| 000 | 00537nam a22001697a 4500 | ||
|---|---|---|---|
| 005 | 20251108164138.0 | ||
| 008 | 250721s1999 xx 000 0 ara d | ||
| 082 | 1 | 4 | _aم/610.3/سار |
| 100 | 1 | _aسارة، قاسم | |
| 245 | 1 | 0 |
_aمعجم أكاديميا الطبي : _bانكليزي- عربي- فرنسي / |
| 264 | 1 |
_aبيروت : _bاكاديميا انترناشيوال، _c1999. |
|
| 300 | _a1047ص | ||
| 650 | 1 | 7 | _aالعلوم الطبية |
| 650 | 1 | 7 | _aمعاجم المصطلحات |
| 942 |
_2ddc _cREF |
||
| 999 |
_c4763 _d4763 |
||